00496nam a22001217a 4500003000400000082001200004100002800016245017900044260000900223942001200232952011300244999001700357SGT a370,NIT aNitya Kataria-201001003 aA Study of the Role of Digitalization of Education in the Covid-19 Pandemic Era and its Psychological Effects on Undergraduate Students of SGT University , Gurugaon , Haryana c2020 2ddccTH 00102ddc4051718FEaFEbFEcDISPLAYd2025-01-27l0o370,NITpEDMD08r2025-01-27 00:00:00w2025-01-27yTH c29413d29413